| 000 | 00398nam a2200157Ia 4500 | ||
|---|---|---|---|
| 003 | Ost | ||
| 005 | 20260225132548.0 | ||
| 008 | 260225s9999||||xx |||||||||||||| ||und|| | ||
| 040 | _cfsic | ||
| 041 | _afre | ||
| 082 | _a440 | ||
| 100 |
_aAndré _eAuteur |
||
| 245 | 0 | _aBibliographie , critique de sociologie d'eenthologie et de geographie humaine du maroc / | |
| 245 | 0 | _cAndré | |
| 942 | _cكتاب | ||
| 999 |
_c33982 _d33982 |
||